Normal view MARC view
  • González García, Diego

Entry Nombre Personal

Number of records used in: 1

001 - NUMERO DE CONTROL

  • campo de control: 58677

003 - IDENTIFICADOR DE NUMERO DE CONTROL

  • campo de control: UPN

005 - FECHA Y HORA DE LA ÜLTIMA TRANSACCIÓN

  • campo de control: 20260205131619.0

008 - DATOS DE LONGITUD FIJA

  • campo de control de longitud fija: 260205|| acz||aabn | a|a d

024 ## - OTROS IDENTIFICADORES NORMALIZADOS

  • Número normalizado o código: https://orcid.org/0000-0002-6648-8673

040 ## - FUENTE DE CATALOGACIÓN

  • Agencia original de catalogación: MX-MxUPN

100 1# - ENCABEZAMIENTO - NOMBRE PERSONAL

  • Nombre personal: González García, Diego

370 ## - LUGAR ASOCIADO

  • Place of birth: Uruguay

371 ## - DIRECCIÓN

  • Electronic mail address: dgonzalez@psico.edu.uy

372 ## - CAMPO DE ACTIVIDAD

  • Field of activity: Filosofía Contemporánea y Estudios Clásicos
  • Field of activity: Persona y Sociedad en el Mundo.

373 ## - GRUPO ASOCIADO

  • Associated group: Universidad de la República. Facultad de Psicología.

374 ## - OCUPACIÓN

  • Occupation: Docencia e investigación universitaria
  • Occupation: Investigador del Sistema Nacional de Investigadores (SIN), Uruguay.

377 ## - LENGUA ASOCIADA

  • Language code: spa

670 ## - FUENTE EN LA QUE SE LOCALIZARON DATOS

  • Cita de la fuente: En recurso en línea : Psicoperspectivas: individuo y sociedad, Vol. 24, no. 2 2025)
  • Información localizada: (Diego González García)
  • Uniform Resource Identifier: https://www.psicoperspectivas.cl/index.php/psicoperspectivas/article/view/3452

902 ## - CATALOGADOR

  • Catalogador: Leonor Sotres/050226